Zmeny v modeli štýlov vedenia V. H. Vrooma v 21. storočí
Štýl vedenia pracovníkov a vplyv na efektivitu a výkon organizácie modľa modelu V. H. Vrooma a P. W. Yettona. Modifikácia a stručný prehľad zmien v tomto modeli. Poznávanie manažérskych zručností pre výber vhodného štýlu vedenia.
Enregistré dans:
| Auteur principal: | |
|---|---|
| Format: | Chapitre de livre |
| Langue: | slovaque |
| Sujets: | |
| Tags: |
Pas de tags, Soyez le premier à ajouter un tag!
|
MARC
| LEADER | 00000naa a2200000 4500 | ||
|---|---|---|---|
| 001 | 0211601 | ||
| 005 | 20231211074545.9 | ||
| 041 | 0 | |a slo | |
| 044 | |a CZ | ||
| 245 | 1 | 0 | |a Zmeny v modeli štýlov vedenia V. H. Vrooma v 21. storočí |c Miriam Remišová |
| 520 | |a Štýl vedenia pracovníkov a vplyv na efektivitu a výkon organizácie modľa modelu V. H. Vrooma a P. W. Yettona. Modifikácia a stručný prehľad zmien v tomto modeli. Poznávanie manažérskych zručností pre výber vhodného štýlu vedenia. | ||
| 610 | 2 | 0 | |a manažéri |
| 610 | 2 | 0 | |a lídri |
| 610 | 2 | 0 | |a správanie organizačné |
| 610 | 2 | 0 | |a rozhodovanie manažérske |
| 610 | 2 | 0 | |a štýl vedenia |
| 610 | 2 | 0 | |a modely riadenia |
| 610 | 2 | 0 | |a zručnosti |
| 610 | 2 | 0 | |a psychológia práce |
| 100 | 1 | |a Remišová, Miriam | |